[Event "Bogota Parada UNCOLI 1920 1st Juvenil"]
[Site "Bogota"]
[Date "2019.09.24"]
[Round "2.1"]
[White "Botero, Felipe"]
[Black "Fajardo Moreno, Juliana Maria"]
[Result "1-0"]
[WhiteElo "1300"]
[BlackElo "1524"]
[PlyCount "87"]
[EventDate "2019.09.24"]
[EventType "swiss"]
[EventRounds "5"]
[EventCountry "COL"]
[SourceTitle "EXT 2024"]
[Source "ChessBase"]
[SourceDate "2023.10.10"]
[SourceVersion "1"]
[SourceVersionDate "2023.10.10"]
[SourceQuality "1"]

1. e4 e5 2. Nf3 Nc6 3. Bb5 d6 4. Nc3 Bd7 5. 0-0 Nf6 6. d3 Be7 7. h3 0-0 8. Re1 a6 9. Bxc6 Bxc6 10. Bg5 h6 11. Bxf6 Bxf6 12. d4 exd4 13. Nxd4 Qd7 14. Nxc6 Qxc6 15. Qd2 Bxc3 16. Qxc3 Qxc3 17. bxc3 Rfe8 18. f4 Rad8 19. e5 dxe5 20. fxe5 Rd5 21. c4 Rdxe5 22. Rxe5 Rxe5 23. Rb1 b5 24. cxb5 Rxb5 25. Rxb5 axb5 26. Kf2 Kf8 27. Ke3 Ke7 28. Kd4 Kd6 29. c4 bxc4 30. Kxc4 Kc6 31. g4 g5 32. a4 f6 33. a5 Kb7 34. Kd5 c6+ 35. Ke6 Ka6 36. Kd6 Kxa5 37. Kxc6 Kb4 38. Kd6 Kc4 39. Ke6 Kd4 40. Kxf6 Ke4 41. Kg6 Kf4 42. Kxh6 Kg3 43. Kxg5 Kxh3 44. Kh5 1-0